000 00508nam a2200181Ia 4500
005 20250508154112.0
008 008 250505s9999 xx 000 0 eng d
037 _aTextual
040 _aFEDL
_beng
_cFEDL
041 _aeng
_2eng
084 _a615, DAL
_qFEDL
100 _aDalonzo C Anthony
_9765053
245 0 _aHandbook heart disease blood pressure strokes
260 _aNew York, USA
_bCollier Books
_c1962
300 _a127p.
942 _cTEXL
_h615, DAL
999 _c1347639
_d1347639